000 00238nam a2200097Ia 4500
001 771347
005 20250826165713.0
008 250824s9999 xx 000 0 und d
245 0 _aEL CEZERİ
_cHASAN YİĞİT
260 _bMAVİÇATI YAYINLARI
999 _c771347
_d771347